Elementos de investigación académica

Sparad:
Bibliografiska uppgifter
Huvudupphovsman: Gallardo, Helio
Materialtyp: Text
Publicerad: San José: EUNED
Ämnen:
Taggar: Lägg till en tagg
Inga taggar, Lägg till första taggen!

MARC

LEADER 00000 a a2200000 04500
001 31144
003
040 |a CRAI/IIS  |c CRAI/IIS 
020 |a 9977-64-603-1  
090 |a 195900  
100 |a Gallardo, Helio  
245 |a Elementos de investigación académica  
260 |a San José:   |b EUNED  
300 |a 239 p.   |b gráficas  
650 |a INVESTIGACION SOCIAL  
650 |a METODOLOGIA  
650 |a INFORMES DE INVESTIGACION  
650 |a FUENTES DE INFORMACION  
999 |c 14759  |d 14759